Contemporary political theory(new dimensions,basic concepts and major trends) (Record no. 419713)

000 -LEADER
fixed length control field 00434cam a22001337a 4500
008 - FIXED-LENGTH DATA ELEMENTS--GENERAL INFORMATION
fixed length control field 180718b1987 xxu||||| |||| 00| 0 eng d
082 ## - DEWEY DECIMAL CLASSIFICATION NUMBER
Classification number B2 J599/87
100 ## - MAIN ENTRY--PERSONAL NAME
Personal name Johari, J.C.
245 ## - TITLE STATEMENT
Title Contemporary political theory(new dimensions,basic concepts and major trends)
Statement of responsibility, etc. by J. C. Johari
250 ## - EDITION STATEMENT
Edition statement 2nd ed.
260 ## - PUBLICATION, DISTRIBUTION, ETC.
Place of publication, distribution, etc. New Delhi
Name of publisher, distributor, etc. Sterling
Date of publication, distribution, etc. 1987
500 ## - GENERAL NOTE
General note Part.1. The setting; Part.2. Major trends
650 ## - SUBJECT ADDED ENTRY--TOPICAL TERM
Topical term or geographic name entry element Political science
Holdings
Withdrawn status Lost status Damaged status Not for loan Permanent Location Current Location Date acquired Full call number Barcode Date last seen Price effective from Koha item type
        Indian Institute of Public Administration Indian Institute of Public Administration 2011-06-06 B2 J599/87 64023 2018-07-21 2018-07-21 Book
        Indian Institute of Public Administration Indian Institute of Public Administration 2009-07-08 B2 J599/87 64022 2018-07-21 2018-07-21 Book

Powered by Koha